000 00620nam a22001817a 4500
005 20251108172945.0
008 250721s2000 xx 000 0 ara d
082 1 4 _a347.01/مدغ
100 1 _aمدغمش، جمال
245 1 0 _aمجموعة الإجتهادات القضائية الصادرة عن محكمة التمييز الأردنية في أصول المحاكمات المدنية /
264 1 _aعمان :
_c2000.
300 _a471 ص.
650 1 7 _aالقانون المدني
650 1 7 _aالمحاكمات
650 1 7 _aالإجراءات المدنية
942 _2ddc
_cBK
999 _c92764
_d92764